00398nam a2200181Ia 4500003000900000008004100009040001300050040001300063041000800076100002800084245003400112250001200146260002000158260000900178300001100187300001200198490000600210IT-RoPAU120407s9999 xx 000 0 und d aIT-RoPAU cIT-RoPAU aita aPercy Williams Bridgman aLa natura della teoria fisica aFirenze aLa Nuova Italia c1965 a155 p. c19,5 cm v1